[Event "Ruhrgebiet Verbandsklasse Gruppe 1 1819"]
[Site "Nordrheinwestfalen"]
[Date "2019.02.03"]
[Round "6.3"]
[White "Achenbach, Manfred"]
[Black "Sondermann, Dirk"]
[Result "0-1"]
[WhiteElo "1881"]
[BlackElo "1872"]
[PlyCount "67"]
[EventDate "2018.09.23"]
[EventType "team-tourn"]
[EventRounds "9"]
[EventCountry "GER"]
[SourceTitle "EXT 2022"]
[Source "ChessBase"]
[SourceDate "2021.10.06"]
[SourceVersion "1"]
[SourceVersionDate "2021.10.06"]
[SourceQuality "1"]
[WhiteTeam "Muelheim SC"]
[BlackTeam "Annen Sport Union"]
[WhiteTeamCountry "GER"]
[BlackTeamCountry "GER"]

1. Nf3 f5 2. c4 Nf6 3. g3 g6 4. Bg2 Bg7 5. d4 d6 6. 0-0 0-0 7. Nc3 Qe8 8. b3 Na6 9. Bb2 e5 10. dxe5 dxe5 11. Ba3 Rf7 12. Qc2 e4 13. Ng5 Rd7 14. Rad1 h6 15. Nh3 c6 16. Bd6 Ng4 17. b4 g5 18. c5 Qe6 19. a3 Rd8 20. b5 cxb5 21. Nxb5 Bd7 22. Bc7 Rdc8 23. Rd6 Qf7 24. Rxd7 Qxd7 25. Qc4+ Kh7 26. Bd6 Nxc5 27. Rb1 Ne6 28. Qd5 Rc5 29. Qb3 Rc6 30. f3 Nf6 31. fxe4 fxe4 32. Rf1 Rxd6 33. Nxd6 Qxd6 34. Qxb7 0-1

[Event "Ruhrgebiet Verbandsliga Gruppe 2 1718"]
[Site "Germany"]
[Date "2018.01.14"]
[Round "5.7"]
[White "Skor, Werner"]
[Black "Achenbach, Manfred"]
[Result "1/2-1/2"]
[WhiteElo "1750"]
[BlackElo "1979"]
[PlyCount "61"]
[EventDate "2017.09.17"]
[EventType "team-tourn"]
[EventRounds "9"]
[EventCountry "GER"]
[SourceTitle "EXT 2022"]
[Source "ChessBase"]
[SourceDate "2021.10.06"]
[SourceVersion "1"]
[SourceVersionDate "2021.10.06"]
[SourceQuality "1"]
[WhiteTeam "Holsterhausen SK"]
[BlackTeam "Muelheim SC"]
[WhiteTeamCountry "GER"]
[BlackTeamCountry "GER"]

1. e4 c5 2. Nf3 d6 3. d4 cxd4 4. Nxd4 a6 5. Nc3 e5 6. Nf3 Nf6 7. Bg5 Be7 8. Bxf6 Bxf6 9. Bc4 0-0 10. 0-0 Bg4 11. Nd5 Nd7 12. Re1 Nb6 13. Bb3 Rc8 14. Qd3 Nxd5 15. Qxd5 Bxf3 16. gxf3 Qd7 17. Rad1 Rc6 18. Kg2 Kh8 19. c4 Qe7 20. Ba4 Rb6 21. Bb3 Bh4 22. Kf1 Bg5 23. Qa5 Rc6 24. Rd3 f5 25. exf5 Rxf5 26. Qd5 Rf8 27. Red1 Qd7 28. Kg2 Qf5 29. Qe4 Qxe4 30. fxe4 Be7 31. Rf3 1/2-1/2

[Event "Ruhrgebiet Verbandsklasse Gruppe 3 1617"]
[Site "Germany"]
[Date "2017.04.30"]
[Round "9.6"]
[White "Achenbach, Manfred"]
[Black "Matthes, Severin Johannes"]
[Result "1/2-1/2"]
[WhiteElo "1956"]
[BlackElo "1791"]
[PlyCount "39"]
[EventDate "2016.09.04"]
[EventType "team-tourn"]
[EventRounds "9"]
[EventCountry "GER"]
[SourceTitle "EXT 2022"]
[Source "ChessBase"]
[SourceDate "2021.10.06"]
[SourceVersion "1"]
[SourceVersionDate "2021.10.06"]
[SourceQuality "1"]
[WhiteTeam "Muelheim SC"]
[BlackTeam "Oberhausen SW"]
[WhiteTeamCountry "GER"]
[BlackTeamCountry "GER"]

1. Nf3 d5 2. g3 Nf6 3. Bg2 e6 4. d4 c5 5. 0-0 Nc6 6. e3 Be7 7. b3 0-0 8. Bb2 Ne4 9. Nfd2 Nxd2 10. Nxd2 cxd4 11. exd4 Bf6 12. Nf3 b5 13. Ne5 Qb6 14. Re1 Rd8 15. Qd2 Bb7 16. Rad1 a5 17. h4 b4 18. c4 bxc3 19. Bxc3 a4 20. Rb1 1/2-1/2

[Event "Ruhrgebiet Verbandsklasse Gruppe 3 1617"]
[Site "Germany"]
[Date "2017.01.29"]
[Round "6.7"]
[White "Achenbach, Manfred"]
[Black "Stoetzel, Martin"]
[Result "1/2-1/2"]
[WhiteElo "1916"]
[BlackElo "1731"]
[PlyCount "67"]
[EventDate "2016.09.04"]
[EventType "team-tourn"]
[EventRounds "9"]
[EventCountry "GER"]
[SourceTitle "EXT 2022"]
[Source "ChessBase"]
[SourceDate "2021.10.06"]
[SourceVersion "1"]
[SourceVersionDate "2021.10.06"]
[SourceQuality "1"]
[WhiteTeam "Muelheim SC"]
[BlackTeam "Erkenschwick II"]
[WhiteTeamCountry "GER"]
[BlackTeamCountry "GER"]

1. c4 e5 2. g3 Nf6 3. Bg2 d5 4. cxd5 Nxd5 5. Nc3 Nb6 6. Nf3 Nc6 7. 0-0 Be7 8. b3 0-0 9. Bb2 Be6 10. Rc1 f6 11. d4 Nxd4 12. Nxd4 exd4 13. Ne4 d3 14. exd3 Bd5 15. Qc2 c6 16. Rfe1 Rf7 17. Bh3 Kh8 18. Re2 f5 19. Nc3 Bf3 20. Re3 Bh5 21. Re5 Bg6 22. Ne2 Nd5 23. Bg2 Bf6 24. Bxd5 Bxe5 25. Bxf7 Bxb2 26. Qxb2 Bxf7 27. Nf4 Qd7 28. Re1 Re8 29. Re5 Kg8 30. h4 g6 31. Qe2 Kf8 32. Qb2 Kg8 33. b4 b6 34. a3 1/2-1/2

[Event "Schleswig Holstein-ch Seniors op 10th"]
[Site "Buesum"]
[Date "2016.10.04"]
[Round "9"]
[White "Achenbach, Manfred"]
[Black "Villing, Dieter"]
[Result "1/2-1/2"]
[WhiteElo "2055"]
[BlackElo "2128"]
[PlyCount "83"]
[EventDate "2016.09.26"]
[EventType "swiss"]
[EventRounds "9"]
[EventCountry "GER"]
[SourceTitle "EXT 2019"]
[Source "ChessBase"]
[SourceDate "2018.10.10"]
[SourceVersion "1"]
[SourceVersionDate "2018.10.10"]
[SourceQuality "1"]

1. Nf3 d6 2. d4 Bg4 3. e4 Nf6 4. h3 Bh5 5. Nc3 e6 6. Be3 Be7 7. Be2 Bg6 8. Bd3 d5 9. exd5 exd5 10. Ne5 Nbd7 11. 0-0 c6 12. Re1 0-0 13. Nxg6 hxg6 14. Bg5 Re8 15. a3 Qb6 16. Ne2 Qxb2 17. Rb1 Qxa3 18. Rxb7 Bb4 19. c3 Bd6 20. Qb1 Rab8 21. Rf1 Rxb7 22. Qxb7 Qa4 23. Qb2 Rb8 24. Qa1 Qxa1 25. Rxa1 Rb7 26. Ba6 Rc7 27. Nf4 Nb8 28. Bd3 Rb7 29. Kf1 Ne4 30. Bxe4 dxe4 31. Ne2 f6 32. Be3 f5 33. g3 Nd7 34. c4 Bb8 35. c5 Nf6 36. Ra6 Rc7 37. Bf4 Rc8 38. Bxb8 Rxb8 39. Rxc6 Rb7 40. Kg2 Rb2 41. Kf1 Rb1+ 42. Kg2 1/2-1/2

[Event "MVP-ch Seniors op 15th"]
[Site "Binz"]
[Date "2015.12.02"]
[Round "9.6"]
[White "Achenbach, Manfred"]
[Black "Neese, Hans Joachim"]
[Result "1/2-1/2"]
[WhiteElo "1911"]
[BlackElo "2032"]
[PlyCount "120"]
[EventDate "2015.11.24"]
[EventType "swiss"]
[EventRounds "9"]
[EventCountry "GER"]
[SourceTitle "EXT 2017"]
[Source "ChessBase"]
[SourceDate "2016.10.25"]
[SourceVersion "1"]
[SourceVersionDate "2016.10.25"]
[SourceQuality "1"]

1. Nf3 d5 2. c4 c6 3. g3 Nf6 4. Bg2 Bf5 5. 0-0 e6 6. b3 Nbd7 7. Bb2 h6 8. d3 Be7 9. Nbd2 0-0 10. Re1 Bh7 11. Rc1 Qb6 12. d4 a5 13. c5 Qc7 14. h3 b5 15. Nh2 Rfe8 16. e4 dxe4 17. Nxe4 Nd5 18. a3 Rad8 19. Nc3 N7f6 20. Qe2 Qb8 21. Rcd1 Rd7 22. Ng4 Nxg4 23. Qxg4 Bc2 24. Nxd5 cxd5 25. Rc1 Bxb3 26. Rxe6 Bg5 27. Rb6 Rb7 28. Rxb7 Qxb7 29. f4 Bd8 30. c6 Qc7 31. Rc5 Bc4 32. Qd7 Re7 33. Qxc7 Bxc7 34. Bxd5 Re1+ 35. Kf2 Re2+ 36. Kf3 Rxb2 37. Bxc4 bxc4 38. Rxc4 Kf8 39. Rc5 Ke7 40. Rd5 Bd6 41. Rxa5 Rb3+ 42. Ke4 Rxa3 43. Rb5 Bc7 44. Rd5 Bd6 45. Rb5 Ra7 46. g4 Kd8 47. f5 Kc7 48. d5 Kc8 49. Kf3 Ra3+ 50. Ke4 Ra4+ 51. Ke3 Ra3+ 52. Ke4 Rxh3 53. Ra5 Rb3 54. Ra8+ Rb8 55. Ra7 Rb4+ 56. Kd3 Bc7 57. Ra8+ Rb8 58. Ra7 Rb6 59. Ra8+ Bb8 60. Ke4 Rb1 1/2-1/2

[Event "Schleswig Holstein-ch Seniors op 9th"]
[Site "Buesum"]
[Date "2015.10.04"]
[Round "6"]
[White "Hellwege, Werner"]
[Black "Achenbach, Manfred"]
[Result "0-1"]
[WhiteElo "1976"]
[BlackElo "2094"]
[PlyCount "50"]
[EventDate "2015.09.28"]
[EventType "swiss"]
[EventRounds "9"]
[EventCountry "GER"]
[SourceTitle "EXT 2018"]
[Source "ChessBase"]
[SourceDate "2017.10.13"]
[SourceVersion "1"]
[SourceVersionDate "2017.10.13"]
[SourceQuality "1"]

1. d4 c5 2. d5 e5 3. e4 d6 4. Nc3 a6 5. a4 Be7 6. Nf3 Nf6 7. Be2 0-0 8. 0-0 b6 9. Bd2 Nbd7 10. Bd3 Re8 11. Qe2 Nf8 12. Na2 Ng6 13. g3 Bg4 14. Kg2 Qc8 15. Rfb1 c4 16. Bxc4 Nxe4 17. Qxe4 f5 18. Qd3 e4 19. Qf1 Bxf3+ 20. Kg1 Ne5 21. b3 Bf6 22. Bc3 Rf8 23. Re1 f4 24. Bd4 Nxc4 25. Bxf6 Nd2 0-1

[Event "GER-chA Seniors 27th"]
[Site "Magdeburg"]
[Date "2015.08.20"]
[Round "6"]
[White "Blosze, Winfried"]
[Black "Achenbach, Manfred"]
[Result "0-1"]
[WhiteElo "1838"]
[BlackElo "2094"]
[PlyCount "46"]
[EventDate "2015.08.15"]
[EventType "swiss"]
[EventRounds "9"]
[EventCountry "GER"]
[SourceTitle "EXT 2018"]
[Source "ChessBase"]
[SourceDate "2017.10.13"]
[SourceVersion "1"]
[SourceVersionDate "2017.10.13"]
[SourceQuality "1"]

1. e4 c5 2. Nc3 Nc6 3. g3 g6 4. Bg2 Bg7 5. d3 e6 6. Bf4 d6 7. Qd2 Nd4 8. Nge2 e5 9. Be3 Bh3 10. 0-0 Bxg2 11. Kxg2 Ne7 12. Nd1 0-0 13. c3 Nxe2 14. Qxe2 f5 15. exf5 Nxf5 16. f4 Qc7 17. Qf3 Kh8 18. Qd5 Rae8 19. Bd2 Bh6 20. Kh1 Qd7 21. Qg2 exf4 22. Bxf4 Bxf4 23. Rxf4 Re1+ 0-1